[Event "DEN-ch Seniors 65"]
[Site "Aalborg"]
[Date "2022.02.26"]
[Round "7"]
[White "Stald, Flemming"]
[Black "Davidsen, Niels Chr"]
[Result "1/2-1/2"]
[WhiteElo "1745"]
[BlackElo "1937"]
[PlyCount "78"]
[EventDate "2022.02.20"]
[EventType "swiss"]
[EventRounds "7"]
[EventCountry "DEN"]
[SourceTitle "EXT 2024"]
[Source "ChessBase"]
[SourceDate "2023.10.10"]
[SourceVersion "1"]
[SourceVersionDate "2023.10.10"]
[SourceQuality "1"]

1. d4 d5 2. Nf3 c6 3. Bf4 Nf6 4. e3 Bg4 5. Be2 e6 6. Nbd2 Bd6 7. Ne5 Bf5 8. Ndf3 Ne4 9. h3 Qa5+ 10. c3 Qc7 11. Qb3 0-0 12. g4 Bg6 13. h4 f6 14. Nxg6 hxg6 15. Bxd6 Nxd6 16. 0-0-0 Kf7 17. g5 Rh8 18. Rh2 Nd7 19. Rdh1 Ne4 20. Bd3 Rh5 21. Qc2 f5 22. Qd1 Rah8 23. Qg1 c5 24. Rh3 cxd4 25. exd4 Rc8 26. Qe1 Qf4+ 27. Kb1 Qc7 28. Ng1 Rhh8 29. Ne2 Qb6 30. Bc2 Rc7 31. f3 Nd6 32. h5 gxh5 33. Rxh5 Rxh5 34. Rxh5 Nf8 35. Qc1 g6 36. Rh3 Kg8 37. Bd3 Rh7 38. Qh1 Qc7 39. Rxh7 Qxh7 1/2-1/2

[Event "DEN-ch Seniors 65"]
[Site "Aalborg"]
[Date "2022.02.23"]
[Round "4"]
[White "Mikkelsen, Peter Jorgen Dam"]
[Black "Davidsen, Niels Chr"]
[Result "1-0"]
[WhiteElo "2148"]
[BlackElo "1937"]
[PlyCount "85"]
[EventDate "2022.02.20"]
[EventType "swiss"]
[EventRounds "7"]
[EventCountry "DEN"]
[SourceTitle "EXT 2024"]
[Source "ChessBase"]
[SourceDate "2023.10.10"]
[SourceVersion "1"]
[SourceVersionDate "2023.10.10"]
[SourceQuality "1"]

1. d4 d5 2. Nf3 Nf6 3. Bf4 g6 4. e3 Bg7 5. h3 0-0 6. Bd3 c5 7. c3 b6 8. 0-0 Ba6 9. Ne5 Bxd3 10. Qxd3 Nfd7 11. Nxd7 Nxd7 12. Nd2 c4 13. Qc2 e5 14. dxe5 Bxe5 15. Bh6 Bg7 16. Bxg7 Kxg7 17. e4 Nc5 18. Rad1 b5 19. b3 dxe4 20. Nxc4 Qc7 21. Nd6 Qc6 22. b4 Nd3 23. Nxe4 Nxb4 24. Qb2 Qxe4 25. cxb4+ Kg8 26. Rfe1 Qb7 27. Re5 Rad8 28. Rde1 Qb6 29. Re7 a6 30. a3 Qd6 31. g3 Qc6 32. h4 Rfe8 33. Qe5 Rxe7 34. Qxe7 Qd6 35. Qb7 Rd7 36. Re8+ Kg7 37. Qc8 Qd1+ 38. Kh2 Qd2 39. Qc5 Qd4 40. Qf8+ Kf6 41. Re3 Kf5 42. Rf3+ Ke6 43. Qe8+ 1-0

[Event "Norway op 7th"]
[Site "Stavanger"]
[Date "2019.06.09"]
[Round "7"]
[White "Davidsen, Niels Chr"]
[Black "Kristiansen, Snorre"]
[Result "1/2-1/2"]
[WhiteElo "1969"]
[BlackElo "1823"]
[PlyCount "58"]
[EventDate "2019.06.07"]
[EventType "swiss"]
[EventRounds "7"]
[EventCountry "NOR"]
[SourceTitle "EXT 2020"]
[Source "ChessBase"]
[SourceDate "2019.10.17"]
[SourceVersion "1"]
[SourceVersionDate "2019.10.17"]
[SourceQuality "1"]

1. e4 e6 2. Bc4 d5 3. exd5 exd5 4. Bb3 Nf6 5. d4 Bd6 6. Nf3 0-0 7. 0-0 Bg4 8. Qd3 Nbd7 9. Bg5 c6 10. Nbd2 Qc7 11. Rac1 Bh5 12. c4 Bg6 13. Qc3 dxc4 14. Bxc4 Ne4 15. Nxe4 Bxe4 16. h3 Nb6 17. b3 Nd5 18. Bxd5 Bxd5 19. Bd2 Rfe8 20. Rfe1 Rad8 21. Qd3 f6 22. Bc3 Qf7 23. Nd2 Bb8 24. Nf1 Qg6 25. Qxg6 hxg6 26. Ne3 Bf7 27. Kf1 a6 28. Nc2 g5 29. Rxe8+ Rxe8 1/2-1/2

[Event "Aalborg Larsen Memorial"]
[Site "Aalborg"]
[Date "2016.10.15"]
[Round "1"]
[White "Davidsen, Niels Chr"]
[Black "Fries Nielsen, Jens Ove"]
[Result "1/2-1/2"]
[WhiteElo "1986"]
[BlackElo "2356"]
[PlyCount "103"]
[EventDate "2016.10.15"]
[EventType "swiss"]
[EventRounds "7"]
[EventCountry "DEN"]
[SourceTitle "CBM 175 Extra"]
[Source "ChessBase"]
[SourceDate "2016.12.12"]
[SourceVersion "1"]
[SourceVersionDate "2016.12.12"]
[SourceQuality "1"]

1. e4 d5 2. exd5 Qxd5 3. Nc3 Qd8 4. Nf3 g6 5. Bc4 Bg7 6. 0-0 Nh6 7. d3 Nf5 8. a3 0-0 9. Ne4 b6 10. Re1 Bb7 11. Ba2 c5 12. Rb1 a5 13. Bg5 Nc6 14. Ng3 Nxg3 15. hxg3 h6 16. Bd2 e6 17. Qc1 Kh7 18. Kh2 g5 19. Rh1 Bf6 20. Kg1 Kg7 21. Nh2 Rh8 22. Ng4 Be7 23. Qe1 Qd6 24. Rd1 a4 25. c3 Na5 26. d4 c4 27. Ne3 Qc7 28. Qe2 b5 29. Qh5 Be4 30. Qe2 Qb7 31. f3 Bd3 32. Qe1 f5 33. Bb1 Bxb1 34. Rxb1 Rae8 35. Nc2 Bd6 36. Qf2 Nb3 37. f4 Qe4 38. Be3 gxf4 39. Bxf4 Qc6 40. Re1 Kf7 41. Bxh6 Reg8 42. Bf4 Rxh1+ 43. Kxh1 Bxf4 44. gxf4 Qa8 45. Ne3 Rh8+ 46. Kg1 Rh6 47. d5 Qa7 48. dxe6+ Rxe6 49. Qh4 Qc5 50. Qh7+ Kf8 51. Qh8+ Kf7 52. Qh7+ 1/2-1/2

[Event "DEN-ch Kort 1"]
[Site "Svendborg"]
[Date "2016.03.21"]
[Round "5"]
[White "Nielsen, Jorgen Holmstrom"]
[Black "Davidsen, Niels Chr"]
[Result "0-1"]
[WhiteElo "1820"]
[BlackElo "2004"]
[PlyCount "81"]
[EventDate "2016.03.19"]
[EventType "swiss"]
[EventRounds "5"]
[EventCountry "DEN"]
[SourceTitle "EXT 2023"]
[Source "ChessBase"]
[SourceDate "2022.10.05"]
[SourceVersion "1"]
[SourceVersionDate "2022.10.05"]
[SourceQuality "1"]

1. Nc3 Nf6 2. d4 d5 3. Bg5 e6 4. f3 Be7 5. e4 Nxe4 6. Bxe7 Nxc3 7. Bxd8 Nxd1 8. Rxd1 Kxd8 9. Bd3 Nc6 10. c3 Bd7 11. f4 h6 12. Nf3 Ne7 13. 0-0 c6 14. b3 b5 15. Ra1 Rb8 16. Rfb1 f6 17. a3 g5 18. fxg5 hxg5 19. g3 Kc7 20. Ra2 Be8 21. Re1 Kd7 22. Rae2 Bf7 23. Re3 Rbe8 24. Rf1 Bh5 25. Nd2 f5 26. c4 a6 27. cxb5 axb5 28. b4 Ra8 29. Ra1 Bg4 30. Bf1 Ng6 31. Nb3 f4 32. gxf4 gxf4 33. Rc3 Bf5 34. Rac1 Ne7 35. Nd2 Rag8+ 36. Bg2 Be4 37. Nf3 Kd6 38. Rf1 Rg7 39. Rf2 Rhg8 40. Ne1 Nf5 41. Kf1 0-1

[Event "DEN-ch Kort 1"]
[Site "Svendborg"]
[Date "2016.03.20"]
[Round "2"]
[White "Davidsen, Niels Chr"]
[Black "Vestby Ellingsen, Mads"]
[Result "0-1"]
[WhiteElo "2004"]
[BlackElo "1947"]
[PlyCount "58"]
[EventDate "2016.03.19"]
[EventType "swiss"]
[EventRounds "5"]
[EventCountry "DEN"]
[SourceTitle "EXT 2023"]
[Source "ChessBase"]
[SourceDate "2022.10.05"]
[SourceVersion "1"]
[SourceVersionDate "2022.10.05"]
[SourceQuality "1"]

1. e4 e5 2. Nf3 Nc6 3. Bc4 Bc5 4. b4 Bxb4 5. c3 Ba5 6. d4 exd4 7. 0-0 Bb6 8. cxd4 d6 9. Bb2 Bg4 10. Qd3 Bxf3 11. gxf3 Qf6 12. Rd1 Nge7 13. e5 dxe5 14. dxe5 Qg5+ 15. Kh1 Rd8 16. Rg1 Rxd3 17. Rxg5 Rxf3 18. e6 f6 19. Rxg7 Rxf2 20. Bc3 Nf5 21. Rd7 Rg8 22. Na3 Rgg2 23. Rxh7 Rxh2+ 24. Rxh2 Ng3+ 25. Kg1 Rb2+ 26. Rf2 Rxf2 27. Nb5 Rc2+ 28. Nd4 Nxd4 29. Bxd4 Bxd4# 0-1

[Event "DEN-ch Seniors"]
[Site "Randers"]
[Date "2012.02.17"]
[Round "7"]
[White "Nielsen, Carl Evald"]
[Black "Davidsen, Niels Chr"]
[Result "0-1"]
[WhiteElo "1880"]
[BlackElo "2079"]
[PlyCount "66"]
[EventDate "2012.02.11"]
[EventType "swiss"]
[EventRounds "7"]
[EventCountry "DEN"]
[SourceTitle "EXT 2018"]
[Source "ChessBase"]
[SourceDate "2017.10.13"]
[SourceVersion "1"]
[SourceVersionDate "2017.10.13"]
[SourceQuality "1"]

1. e4 c5 2. Nf3 Nc6 3. d4 cxd4 4. Nxd4 Nf6 5. Nc3 e5 6. Ndb5 d6 7. Nd5 Nxd5 8. exd5 Ne7 9. Be2 Ng6 10. Be3 a6 11. Na3 Be7 12. c4 0-0 13. 0-0 f5 14. f4 exf4 15. Bxf4 Nxf4 16. Rxf4 Bg5 17. Rf1 Qb6+ 18. Kh1 Qxb2 19. Nc2 Bf6 20. Rb1 Qxa2 21. c5 dxc5 22. d6 Qf7 23. Ne3 Bd4 24. Nc4 b5 25. Bf3 Bb7 26. Nb6 Rad8 27. d7 Bxf3 28. Qxf3 Qe6 29. Rbe1 Qd6 30. Qxf5 Rxf5 31. Rxf5 Bf6 32. Re8+ Kf7 33. Nd5 Rxe8 0-1